| 000 | 00984cam a22003011 4500 | ||
|---|---|---|---|
| 001 | 18708 | ||
| 003 | BD-RjUL | ||
| 005 | 20211209000325.0 | ||
| 008 | 140222r19651959enkag b 000 0 eng | ||
| 035 | _a(BD-RjUL)18766 | ||
| 035 | _a(OCoLC)1966114 | ||
| 040 |
_aDLC _cFJUNF _dOCoLC _dDLC _dBD-RjUL _beng |
||
| 041 | _aeng | ||
| 082 |
_a823.8 _bBUE 1965 |
||
| 100 | 1 |
_aButler, Samuel, _d1835-1902. _957621 |
|
| 245 | 1 | 0 |
_aErewhon : _bErewhon revisited / _c[by] Samuel Butler. |
| 260 |
_aLondon ; _aNew York : _bJ.M. Dent & sons, ltd.; _bE.P. Dutton & co., inc., _cc1959 [Reprinted 1965]. |
||
| 300 |
_a xv, 389 p., 1 l. : _billus. (music) ; _c18 cm. |
||
| 490 | 1 |
_aEveryman's library, ed. by Ernest Rhys. Fiction. _vno. 881 |
|
| 504 | _aIncludes bibliography (p. xii). | ||
| 650 | 0 |
_aUtopias. _957622 |
|
| 830 | 0 |
_v881. _957657 |
|
| 740 | 0 | _aErewhon revisited. | |
| 830 | 0 |
_aEveryman's library ; _92810 |
|
| 942 |
_2ddc _cBK |
||
| 999 |
_c18708 _d18708 |
||